000 00622cam a22001457a 4500
008 180718b1958 xxu||||| |||| 00| 0 eng d
082 _aW324x5421 B436
100 _aWest Bengal. Commission of Inquiry, Calcutta Bus and Tram Fare Structures in Terms of Decimal Coinage
245 _aReport of the Commission of Inquiry, Calcutta Bus and Tram Fare Strucuture, in Terms of Decimal Coinage
_cby Home (Transport) Department
260 _aCalcutta
_bHome (Transport) Department
_c1958
300 _a226+p.
500 _aChairman: H.L. Dey
700 _aWest Bengal. Home (Transport) Department
700 _aDey, H.L. (Chairman)
999 _c396540
_d396540